Propuestas morales
में बचाया:
| मुख्य लेखक: | |
|---|---|
| स्वरूप: | पुस्तक |
| भाषा: | स्पेनिश |
| प्रकाशित: |
Madrid
Tecnos
1984
|
| संस्करण: | 2a. ed |
| श्रृंखला: | Cuadernos de Filosofía y Ensayo
|
| विषय: | |
| टैग: |
टैग जोड़ें
कोई टैग नहीं, इस रिकॉर्ड को टैग करने वाले पहले व्यक्ति बनें!
|
MARC
| LEADER | 00000nam a2200000 a 4500 | ||
|---|---|---|---|
| 001 | UCR0113 | ||
| 003 | CL-VaPUC | ||
| 008 | 971129e19840000SP |||||||||||||||||spa|d | ||
| 082 | 0 | 4 | |a 170 |b ARA |2 21 |
| 100 | |a Aranguren, José Luis |e author |9 576609 | ||
| 245 | 1 | 0 | |a Propuestas morales |
| 250 | |a 2a. ed | ||
| 300 | |a 135 p | ||
| 942 | |c BK | ||
| 945 | |d 19971129 00:00:00 |a cmena | ||
| 260 | |a Madrid |b Tecnos |c 1984 | ||
| 650 | 0 | |a Filosofía |9 223554 | |
| 650 | 0 | |a Ética |9 255099 | |
| 650 | 0 | |a Conceptos morales |9 310606 | |
| 650 | 0 | |a Lógica |9 256849 | |
| 650 | 0 | |a Escuelas filosóficas |9 266232 | |
| 650 | 7 | |a HOMBRE |2 CL-VaPUC |9 262149 | |
| 650 | 0 | |a Naturaleza humana |9 308593 | |
| 650 | 7 | |a CRISIS MORAL |2 CL-VaPUC |9 354845 | |
| 650 | 0 | |a Utilitarismo |9 321614 | |
| 650 | 0 | |a Determinismo |9 322357 | |
| 650 | 0 | |a Razonamiento |9 256520 | |
| 650 | 0 | |a Sociedad |9 307903 | |
| 650 | 0 | |a Filosofía contemporánea |9 265372 | |
| 583 | |a last modification |c 19971129 00:00:00 |k Rodrigo Vera | ||
| 490 | 0 | |a Cuadernos de Filosofía y Ensayo | |
| 999 | |c 263765 |d 263763 | ||
| 952 | |0 0 |1 0 |4 0 |6 170_000000000000000_ARA_1984 |7 0 |8 DER_TF |9 293236 |a BIBDER |b BIBDER |d 2019-11-19 |i 1907409 |l 1 |o 170 ARA 1984 |p 1907409 |r 2023-01-25 |s 2020-03-16 |w 2019-11-19 |x Ubicación 4to Piso |y BK |z Estos recursos deben solicitarse con anticipación |k DER | ||